Responses for Show #6987 - Tuesday, January 20, 2015

Contestants

[<< previous game]

Rebeca Avila, a teacher from Arroyo Grande, California

Daniel Grigg, a beer wholesaler from Colorado Springs, Colorado

Nicholas Bérubé, an architect originally from State College, Pennsylvania (whose 2-day cash winnings total $19,600)

[next game >>]

Jeopardy! Round responses

PRESIDENTIAL INAUGURAL FIRSTS
TYPES OF SALADS
PROVERBIAL 4‑LETTER WORDS
"A"CADEMY AWARD NOMINEES
SNEAKER BRANDS
FISHY SCIENCE
(Sarah: Cutting-edge animal care from the research and conservation programs at the Georgia Aquarium.)
    $200 26
Bill Clinton

Nicholas
    $200 6
a Cobb salad

Rebeca
    $200 16
quit

Daniel
    $200 7
Julie Andrews

Nicholas
    $200 1
Nike

Nicholas
    $200 19
temperature

Rebeca
    $400 8
a green salad

Rebeca
    $400 17
fool

Daniel
    $400 9
Woody Allen

Triple Stumper
    $400 2
Puma

Nicholas
    $400 22
sonogram (or ultrasound)

Daniel
    $600 13
a Greek salad

Nicholas
    $600 18
wine

Nicholas
    $600 10
(Rebeca: Who is Jessica Chastain?)
(Nicholas: Who is Ben Affleck?)

Alan Arkin

NicholasRebeca
Triple Stumper
    $600 3
New Balance

Nicholas
    $600 23
cocaine

Nicholas
    $800 28
[The end-of-round signal sounds.]

(Robert) Frost

Daniel
    $800 14
a chef salad

Daniel
    $800 20
a rose

Nicholas
    $800 11
Fred Astaire

Rebeca
    $800 4
Adidas

Nicholas
    $800 24
(Alex: [*] is right with less than a minute to go now.)

pH

Nicholas
    $1000 27
the Marine Corps Band

Nicholas
    $1000 15
a wedge

Rebeca
    $1000 21
gold

Triple Stumper
    $800 12
(Rebeca: What is Titanic?)
(Alex: No.)
(Rebeca: Oh, it's not?)
(Alex: No, and you forgot--you forgot the category twice.)
(Rebeca: Oh, Lord!)
(Alex: The correct response has to begin with the letter "A" and that would be [*].)

Amadeus

Rebeca
    $1000 5
[Applause for Nicholas's run of the category]

Saucony

Nicholas
    $1000 25
cauterizing them

Daniel

Scores at the first commercial break (after clue 15):

Nicholas Daniel Rebeca
$3,200 $800 $1,000

Scores at the end of the Jeopardy! Round:

Nicholas Daniel Rebeca
$7,200 $3,600 $1,200

Double Jeopardy! Round responses

A BRIEF HISTORY OF MIME
(Alex: Name the state in which each reservation is located...)
DO YOU HAVE A RESERVATION?
ENTERTAINMENT
(Alex: Name the poet quoted in...)
DEAD POETS
SOCIETY
CARPE "D.M."
    $400 16
(Marcel) Marceau

Daniel
    $400 6
(Daniel: What is New Mexico?)

Arizona

DanielRebeca
    $400 7
The Walking Dead

Daniel
    $400 12
(Rebeca: Who is Ogden Nash?)

Edward Lear

Rebeca
Triple Stumper
    $400 21
the Hare Krishnas

Nicholas
    $400 1
a den mother

Nicholas
    $800 17
Caesar

Nicholas
    $800 8
The Knick

Nicholas
    $1,400 13
(Alex: [*], from Paradise Lost.)

(John) Milton

Rebeca
    $800 22
Smokeout

Rebeca
    $800 2
a drum major

Daniel
    $1200 18
commedia dell'arte

Rebeca
    $1200 9
Hair

Rebeca
    $1200 14
Maya Angelou

Triple Stumper
    $1200 23
(Nicholas: What is the Sierra Club?)
(Rebecca: What is the World Wildlife... Association?)
(Alex: No, you were thinking of the World Wildlife Fund. It's the [*]. Less than a minute to go now, Rebeca.)

Audubon Society

NicholasRebeca
Triple Stumper
    $1200 3
the dungeon master

Daniel
    $1600 19
Thebes

Triple Stumper
    $1600 10
(Nicholas: Who is Azealia Banks?)

Iggy Azalea

Nicholas
Triple Stumper
    $1600 15
(Edgar Allan) Poe

Nicholas
    $1600 24
William Lloyd Garrison

Triple Stumper
    $1600 4
a death mask

Nicholas
    $2000 25
Drury Lane

Rebeca
    $2000 11
Chris Rock

Triple Stumper
    $2000 20
(Rebeca: Is that [*]?)
(Alex: It is.)
(Rebeca: That was a question.)
(Alex: You phrased it in the form of a question.)
(Rebeca: I did.)

Ogden Nash

Rebeca
    $2000 26
[The end-of-round signal sounds.]

Iowa

Triple Stumper
    $2000 5
Deutsche mark

Nicholas

Scores at the end of the Double Jeopardy! Round:

Nicholas Daniel Rebeca
$12,000 $6,000 $8,600

[wagering suggestions for these scores]

Final Jeopardy! Round responses

LAST WORDS
DanielWho is Beckett?
$6,000
RebecaWho is St. Thomas?
$3,500
NicholasWho is Thomas Aquinas
$5,400
St. Thomas Becket

Final scores:

Nicholas Daniel Rebeca
$6,600 $12,000 $5,100
2nd place: $2,000 New champion: $12,000 3rd place: $1,000

Game dynamics:

Coryat scores:

Nicholas Daniel Rebeca
$12,000 $6,000 $8,800
20 R,
3 W
10 R,
1 W
12 R
(including 1 DD),
4 W
(including 1 DD)

Combined Coryat: $26,800

[game clues] [game scores] [suggest correction]

Game tape date: 2014-12-02
The J! Archive is created by fans, for fans. Scraping, republication, monetization, and malicious use prohibited; this site may use cookies and collect identifying information. See terms. The Jeopardy! game show and all elements thereof, including but not limited to copyright and trademark thereto, are the property of Jeopardy Productions, Inc. and are protected under law. This website is not affiliated with, sponsored by, or operated by Jeopardy Productions, Inc. Join the discussion at JBoard.tv.